000 01206pam a2200349 a 4500
001 1762
003 FISKH
005 20250828151754.0
008 940915s1995 ilua j 001 0 eng
010 _a 94035629
020 _a0516060368
040 _aDLC
_cDLC
_dDLC
_beng
042 _alcac
050 0 0 _aQC863.5
_b.R63 1995
082 0 0 _a551.57
_220
100 1 _aRobinson, Fay.
245 1 0 _aWhere do puddles go? /
_cby Fay Robinson.
260 _aChicago :
_bChildrens Press,
_c1995.
300 _a31 pages :
_bcolor illustrations ;
_c19 cm.
440 0 _aRookie read-about science
505 _aN
520 _aTells all about the earth's water cycle, explaining evaporation and condensation, and the heating and cooling of water vapor in the clouds.
521 8 _a570
_bLexile
521 8 _aN
_bRaz-Plus
650 0 _aMeteorology
_xJuvenile literature.
650 0 _aWater
_xJuvenile literature.
650 1 _aWater.
650 1 _aHydrologic cycle.
906 _a7
_bcbc
_corignew
_d1
_eocip
_f19
_gy-gencatlg
942 _2ddc
_cBK
_n0
999 _c1762
_d1762